Pays où une arme nucléaire a explosé - Statistiques

Statistiques générales
  • Ce quiz a été pris 134 fois
  • Le résultat moyen est 9 sur 16
Statistiques - réponses
Pays % Correct
Japon
96%
États-Unis
90%
Russie
88%
Chine
87%
France
85%
Inde
75%
Corée du Nord
71%
Algérie
66%
Pakistan
65%
Australie
58%
Ukraine
49%
Kazakhstan
39%
Ouzbékistan
27%
Turkménistan
26%
Kiribati
17%
Îles Marshal
7%
Aucun quiz correspondant
Distribution des résultats
% des personnes avec chaque résultat
Percentile par nombre de réponses
Votre historique - résultats
Vous n’avez pas pris ce quiz